Astronomie populaire (Record no. 54249)
[ view plain ]
| 000 -LEADER | |
|---|---|
| campo de control de longitud fija | 00749nam a2200205 i 4500 |
| 001 - NÚMERO DE CONTROL | |
| campo de control | 54249 |
| 003 - IDENTIFICADOR DE NÚMERO DE CONTROL | |
| campo de control | ES-MaACL |
| 005 - FECHA Y HORA DE LA ÚLTIMA TRANSACCIÓN | |
| campo de control | 20250721144331.0 |
| 007 - CAMPO FIJO DE DESCRIPCIÓN FÍSICA--INFORMACIÓN GENERAL | |
| campo de control de longitud fija | t| |
| 008 - DATOS DE LONGITUD FIJA--INFORMACIÓN GENERAL | |
| campo de control de longitud fija | 960716s1880 fr a |||| | fre d |
| 100 1# - ENTRADA PRINCIPAL--NOMBRE DE PERSONA | |
| Nombre de persona | Flammarion, Camille, |
| Fechas asociadas al nombre | 1842-1925 |
| 9 (RLIN) | 51110 |
| 245 10 - MENCIÓN DEL TÍTULO | |
| Título | Astronomie populaire |
| Resto del título | : description générale du ciel / |
| Mención de responsabilidad, etc. | Camille Flammarion. |
| 260 ## - PUBLICACIÓN, DISTRIBUCIÓN, ETC. | |
| Lugar de publicación, distribución, etc. | Paris : |
| Nombre del editor, distribuidor, etc. | C. Marpon et E. Flammarion, |
| Fecha de publicación, distribución, etc. | 1880 ( |
| Fabricante | imp. Gauthier-Villars) |
| 300 ## - DESCRIPCIÓN FÍSICA | |
| Extensión | [8], 839 p. : |
| Otras características físicas | il. ; |
| Dimensiones | 29 cm. |
| 530 ## - NOTA DISPONIBLE DE FORMULARIO FÍSICO ADICIONAL | |
| Nota de formato físico adicional disponible | Disponible en formato digital. |
| 650 #7 - PUNTO DE ACCESO ADICIONAL DE MATERIA--TÉRMINO DE MATERIA | |
| Término de materia o nombre geográfico como elemento de entrada | Astronomía |
| Fuente del encabezamiento o término | embne |
| 9 (RLIN) | 10386 |
| 852 ## - LOCALIZACIÓN | |
| Ubicación | ES-MaACL |
| Número de control de estantería | G-12252 |
| 856 ## - LOCALIZACIÓN Y ACCESO ELECTRÓNICOS | |
| Identificador Uniforme de Recursos | <a href="https://gallica.bnf.fr/ark:/12148/bpt6k94887w?rk=21459;2 ">https://gallica.bnf.fr/ark:/12148/bpt6k94887w?rk=21459;2 </a> |
| Nota pública | Bibliothèque Nationale de France |
| Estatus retirado | Estado de pérdida | Estado de daño | No para préstamo | Colección | Biblioteca de origen | Biblioteca actual | Ubicación en estantería | Fecha de adquisición | Fuente de adquisición | Total de préstamos | Signatura topográfica completa | Código de barras | Visto por última vez | Precio de reemplazo | Tipo de ítem Koha |
|---|---|---|---|---|---|---|---|---|---|---|---|---|---|---|---|
| Colección digital | Biblioteca del Ateneo de Madrid | Biblioteca del Ateneo de Madrid | Sala Pecera Planta 3 | 17/01/2008 | G-12252 | 1057009 | 23/02/2023 | 23/02/2023 | Libro impreso antiguo |
